Catálogo
 En Linea

Trujillo en la historia : (Registro nro. 26674)

Detalles MARC
000 -CABECERA
campo de control de longitud fija 00856nam a2200205 a 4500
001 - NÚMERO DE CONTROL
campo de control 000027182
005 - FECHA Y HORA DE LA ÚLTIMA TRANSACCIÓN
campo de control 20240409073641.0
008 - DATOS DE LONGITUD FIJA--INFORMACIÓN GENERAL
campo de control de longitud fija 110330t1956 dr c 001 0dspa d
040 ## - FUENTE DE LA CATALOGACIÓN
Centro catalogador/agencia de origen DO-SdBNP
Lengua de catalogación spa
Centro/agencia transcriptor BNPHU
082 ## - NÚMERO DE LA CLASIFICACIÓN DECIMAL DEWEY
Número de clasificación 972.93053
Número de documento/Ítem G166t
100 1# - ENTRADA PRINCIPAL--NOMBRE DE PERSONA
Nombre de persona Gallegos, Gerardo
9 (RLIN) 16179
245 10 - MENCIÓN DE TÍTULO
Título Trujillo en la historia :
Resto del título venticinco años en la ruta de un glorioso destino /
Mención de responsabilidad, etc. Gerardo Gallegos.
260 ## - PUBLICACIÓN, DISTRIBUCIÓN, ETC.
Lugar de publicación, distribución, etc. Ciudad Trujillo, República Dominicana :
Nombre del editor, distribuidor, etc. Del Caribe,
Fecha de publicación, distribución, etc. 1956.
300 ## - DESCRIPCIÓN FÍSICA
Extensión 311 p. :
Otras características físicas il., retrs. ;
Dimensiones 23 cm.
500 ## - NOTA GENERAL
Nota general Incluye referencias bibliográficas y notas al pie de las páginas.
590 ## - NOTA LOCAL (RLIN)
Nota local Inventariado, 2019/MFF
600 10 - PUNTO DE ACCESO ADICIONAL DE MATERIA--NOMBRE DE PERSONA
Nombre de persona Trujillo Molina, Rafael Leónidas,
Fechas asociadas al nombre 1891-1961
Subdivisión general Muerte
9 (RLIN) 10869
651 #4 - PUNTO DE ACCESO ADICIONAL DE MATERIA--NOMBRE GEOGRÁFICO
Nombre geográfico República Dominicana
Subdivisión general Política Y Gobierno
Subdivisión cronológica ERA DE TRUJILLO, 1930-1961
9 (RLIN) 1374
910 ## - DATOS DE OPCIÓN DEL USUARIO (OCLC)
Datos de opción del usuario Validado. Control de calidad EMS.
Existencias
Estado de retiro Estado de pérdida Restricciones de uso No para préstamo Código de colección Localización permanente Ubicación/localización actual Ubicación en estantería Fecha de adquisición Número de inventario Total de préstamos Signatura topográfica completa Código de barras Fecha visto por última vez Número de copia Precio válido a partir de Tipo de ítem Koha Nota pública
        Raros y valiosos General General Depósito 25.07.2019 LF1   972.93053 G166t 27182-30 25.06.2020 e.3 25.06.2020 Préstamo en sala Perteneció a la biblioteca pesonal de la familia Reyes Duluc.
      Excluido de préstamo Raros y valiosos Patrimonio Dominicano Patrimonio Dominicano Depósito 30.03.2011 LF1   972.93053 G166t 27182-10 25.06.2020   25.06.2020 No se presta  
      Excluido de préstamo Raros y valiosos Patrimonio Dominicano Patrimonio Dominicano Depósito 05.07.2011 LF1   972.93053 G166t 27182-20 25.06.2020 e.2 25.06.2020 No se presta Pertenecio a la biblioteca personal Matínez Boog.

Con tecnología Koha